1755 1858 1942 1948 1983 1703 1053 1882 1708 1850 1009 1480 1804 1482 1837 1572 1119 1483 1320 1362 1263 1788 1591 1701 1943 1639 1133 1564 1075 1565 1344 1504 1567 1523 1418 1191 1951 1998 1647 1841 1248 1543 1598 1319 1152 1586 1021 1959 1075 1476 1368 1174 1645 1861 1870 1882 1181 1500 1531 1452 1703 1179 1126 1311 1621 1696 1454 1307 1042 1391 1870 1030 1696 1830 1348 1911 1319 1775 1228 1649 1874 1838 1215 1427 1313 1170 1090 1233 1731 1013 1345 1130 1014 1110 1991 1091 1105 1191 1074 BCNSPRNW ULIB Ver.6.0+V

เปลี่ยนเป็นภาษาไทย

Change to English
 แสดงรายละเอียดบรรณานุกรม
  กลับหน้าหลัก

Brief Record : Get Marc (ISO 2709) : E-mail record : QR code < ปิดหน้าต่าง
LEADER : 00000nam 2200000uu 4500
001    13399127163
003     ULIB
008    191018s2562||||th 000 0 tha d
020 ^- ^a9786160036073
050 ^- ^aนว.^bบ895อ^cล.1
100 ^- ^aแบมแบม.
245 10 ^aอาณาจักรพระอาทิตย์ เล่ม 1- 2 (SETTING SUN) /^cแบมแบม.
250 ^- ^aพิมพ์ครั้งที่ 1.
260 ^- ^aปทุมธานี :^bDeep,^c2562
300 ^- ^a308 หน้า.
945    ^p325^l0^i006349
999    ^aประนอม เกษจรัล
รายการนี้ยังไม่มีแท็ก
คุณยังไม่ได้ล็อกอิน คุณสามารถมีกิจกรรมร่วมกับเว็บไซต์ได้ แต่ต้องล็อกอินก่อน ::
  ล็อกอิน

รายการสื่อสารสนเทศ

ลำดับที่ ประเภท เลขเรียก/บาร์โค้ด สถานที่ สถานะ
1. นวนิยาย
นวนิยาย
นว. บ895อ ล.1 ฉ.1 
  Barcode: 006349
ห้องสมุดวิทยาเขตนครสวรรค์
►นวนิยาย:l:Fiction
บนชั้น

รายการใกล้เคียง
    ผู้แต่ง [แบมแบม.]

BibComment


ยังไม่เคยถูกคอมเมนท์

คอมเมนท์ทรัพยากรรายการนี้
  คอมเมนท์: อาณาจักรพระอาทิต..


 Copyright 2026. Bcnsprnw @Library